Liebman's neuroanatomy : (Record no. 115250)

MARC details
000 -LEADER
fixed length control field 00728cam a22002418a 4500
008 - FIXED-LENGTH DATA ELEMENTS--GENERAL INFORMATION
fixed length control field
020 ## - INTERNATIONAL STANDARD BOOK NUMBER
International Standard Book Number 0834207303 (pbk.)
049 ## - LOCAL HOLDINGS (OCLC)
Holding library MAIN
090 ## - LOCALLY ASSIGNED LC-TYPE CALL NUMBER (OCLC); LOCAL CALL NUMBER (RLIN)
Classification number (OCLC) (R) ; Classification number, CALL (RLIN) (NR) QM451.C74
Local cutter number (OCLC) ; Book number/undivided call number, CALL (RLIN) GER
003 - CONTROL NUMBER IDENTIFIER
control field
005 - DATE AND TIME OF LATEST TRANSACTION
control field 20230120204008.0
040 ## - CATALOGING SOURCE
Transcribing agency NUST
100 1# - MAIN ENTRY--PERSONAL NAME
Personal name Gertz, S. David
245 10 - TITLE STATEMENT
Title Liebman's neuroanatomy :
Remainder of title made easy and understandable /
Statement of responsibility, etc. Gertz S. David.
250 ## - EDITION STATEMENT
Edition statement 5th ed.
260 ## - PUBLICATION, DISTRIBUTION, ETC.
Place of publication, distribution, etc. Jerusalem :
Name of publisher, distributor, etc. An Aspen Publication
Date of publication, distribution, etc. [19..?.]
300 ## - PHYSICAL DESCRIPTION
Extent x, 190 p. :
Other physical details ill. ;
Dimensions 29cm.
500 ## - GENERAL NOTE
General note Includes index.
650 #0 - SUBJECT ADDED ENTRY--TOPICAL TERM
Topical term or geographic name entry element Neuroanatomy.
650 12 - SUBJECT ADDED ENTRY--TOPICAL TERM
Topical term or geographic name entry element Central Nervous System
General subdivision anatomy & histology
Form subdivision Atlases.
907 ## - LOCAL DATA ELEMENT G, LDG (RLIN)
a .b10258103
b 08-10-10
c 19-11-08
942 ## - ADDED ENTRY ELEMENTS (KOHA)
Koha item type Ordinary Loan Books
Call number prefix QM451.C74
Call number suffix GER
Holdings
Date last seen Total Checkouts Full call number Barcode Cost, replacement price Price effective from Koha item type Lost status Source of classification or shelving scheme Damaged status Not for loan Collection Withdrawn status Home library Current library Shelving location Date acquired Cost, normal purchase price
01/20/2023 2 QM451.C74 GER 92004009137 80.00 01/20/2023 BOOKS   LCC     NFIC   Medical Medical GEN 01/20/2023 80.00